000 00751nam a2200289Ia 4500
005 20260324133917.0
008 008 260324s9999 xx 000 0 eng d
020 _a9780203306895
037 _aEBOOK
040 _aCRL
040 _beng
040 _cCRL
041 _2eng
041 _aeng
084 _qCRL
100 _aChristine Wekerle; Anne-Marie Wall
_91194851
245 4 _aThe Violence and Addiction Equation
245 0 _bTheoretical and Clinical Issues in Substance Abuse and Relationship Violence
260 _bTaylor and Francis
260 _c2002
365 _a
365 _b195
856 _uhttp://www.taylorfrancis.com/books/9780203306895
942 _cEBOOK
999 _c1794394
_d1794394